Data Analytics with Hadoop : an Introduction for Data Scientists /

Gespeichert in:
Bibliographische Detailangaben
1. Verfasser: Bengfort, Benjamin (Verfasst von)
Format: Buch
Sprache:Englisch
Veröffentlicht: Sebastopol O´Reilly 2016
Ausgabe:1. vyd.
Schlagworte:
Tags: Tag hinzufügen
Keine Tags, Fügen Sie das erste Tag hinzu!

MARC

LEADER 00000nam a22000003a 4500
001 0084021
003 SK-STU
005 20201028134602.8
007 ta
008 201028s ----xo-----e------000-0-----d
020 |a 978-1-491-91370-3 
040 |a STU  |b slo 
041 0 |a eng 
044 |a xxu 
100 1 |a Bengfort, Benjamin  |4 aut 
245 1 0 |a Data Analytics with Hadoop :  |b an Introduction for Data Scientists /  |c aut. Benjamin Bengfort 
250 |a 1. vyd. 
260 |a Sebastopol  |b O´Reilly  |c 2016 
300 |a 268 s. 
650 0 7 |a spracovanie dát 
650 0 7 |a klastre 
996 |b 284M088452  |c M* 14375-1  |l MMKN  |s A  |a 24  |w 0084021_0001